Loading...
| Geography | 1 | 3 | 0 | 3 | 45 | 55 | 108.50 | 0 | 2 | 0.00 | 0.00 |
| Literature - Poetry | 0 | 3 | 0 | 0 | 30 | 117 | 121.00 | 0 | 1 | 0.00 | 0.00 |
| History - American | 1 | 1 | 0 | 0 | 25 | 48 | 65.50 | 1 | 2 | 0.00 | 0.00 |
| Science - Other | 0 | 2 | 0 | 0 | 20 | 126 | 130.50 | 0 | 2 | 0.00 | 0.00 |
| Science - Physics | 0 | 2 | 0 | 1 | 20 | 96 | 109.00 | 0 | 1 | 0.00 | 0.00 |
| Current Events | 1 | 0 | 0 | 0 | 15 | 51 | 51.00 | 0 | 1 | 0.00 | 0.00 |
| History - Other | 1 | 0 | 0 | 0 | 15 | 49 | 49.00 | 0 | 0 | 0.00 | 0.00 |
| Other Academic | 0 | 1 | 0 | 0 | 10 | 97 | 97.00 | 0 | 1 | 0.00 | 0.00 |
| Science - Biology | 0 | 1 | 0 | 0 | 10 | 82 | 82.00 | 0 | 1 | 0.00 | 0.00 |
| History - World | 0 | 1 | 0 | 0 | 10 | 74 | 74.00 | 1 | 1 | 0.00 | 0.00 |
| Philosophy | 0 | 1 | 1 | 0 | 5 | 99 | 99.00 | 0 | 1 | 0.00 | 0.00 |
| Social Science | 0 | 1 | 1 | 0 | 5 | 137 | 137.00 | 0 | 1 | 0.00 | 0.00 |
| Literature - Drama | 0 | 0 | 1 | 0 | -5 | 0.00 | 0 | 0 | 0.00 | 0.00 |